00326nam a2200121 a 450000500170000000800410001705000220005810000180008024500220009826000480012044000190016865000170018720140414131850.0100728s19uu xx 00 eng d aM 523.2bP22 2006 aParker, Steve aThe solar system. aGreat Britain :bTicktock Media Ltd,c2006. aJust the facts aSolar system